000 00406nam a2200157 i 4500
001 bg
100 1 _aAFANASEV, Viktor G.
245 0 _aCzłowiek a proces zarządzania społeczeństwem /
_cWiktor G. Afanasjew.
260 _aWarszawa,
_c1980.
700 1 _aAfanasjew, Wiktor G.
040 _cBPK
041 _apol
080 _a65.012.4:316
942 _cKS
008 s pl f |000 0 pol
999 _c19234
_d19234
856 _uhttp://koha.tu.koszalin.pl/cgi-bin/koha/opac-detail.pl?biblionumber=19234
_yKatalog online BPK